Statistics for Top 10 NBA MVP's 2000's

Click here to take the quiz!

General Stats

  • This quiz has been taken 336 times
  • The average score is 29 of 37

Answer Stats

Players % Correct
LeBron James
100%
Dwyane Wade
100%
Kobe Bryant
100%
Dirk Nowitzki
99%
Kevin Garnett
98%
Tim Duncan
98%
Steve Nash
97%
Shaquille O'Neal
97%
Dwight Howard
95%
Paul Pierce
95%
Allen Iverson
95%
Chris Paul
94%
Tony Parker
94%
Tracy McGrady
90%
Vince Carter
89%
Jason Kidd
88%
Manu Ginobili
87%
Chauncey Billups
83%
Karl Malone
82%
Jermaine O'Neal
81%
Ben Wallace
81%
Amar'e Stoudemire
81%
Chris Bosh
80%
Ray Allen
77%
Gary Payton
77%
Alonzo Mourning
74%
David Robinson
73%
Chris Webber
69%
Gilbert Arenas
61%
Brandon Roy
60%
Shawn Marion
52%
Baron Davis
50%
Grant Hill
48%
Peja Stojakovic
45%
Elton Brand
38%
Sam Cassell
35%
Carlos Boozer
35%

Score Distribution

Percentile by Number Answered

Percent of People with Each Score

Your Score History

You have not taken this quiz